[Event "Sachsen-ch U12 Girls"]
[Site "Sebnitz"]
[Date "2009.04.15"]
[Round "4"]
[White "Schille, Anika"]
[Black "Fuessel, Lisa"]
[Result "1-0"]
[WhiteElo "961"]
[BlackElo "748"]
[PlyCount "87"]
[EventDate "2009.04.14"]
[EventType "swiss"]
[EventRounds "7"]
[EventCountry "GER"]
[SourceTitle "EXT 2010"]
[Source "ChessBase"]
[SourceDate "2010.11.25"]
[SourceVersion "1"]
[SourceVersionDate "2010.11.25"]
[SourceQuality "1"]

1. d4 d5 2. c4 dxc4 3. Nc3 Nf6 4. Nf3 Nc6 5. Bf4 Bf5 6. d5 Nb4 7. Qa4+ Bd7 8. Qxb4 b6 9. Qxc4 Rc8 10. e4 e6 11. a3 Bd6 12. e5 exd5 13. Nxd5 Nxd5 14. Qxd5 Be6 15. Bb5+ Bd7 16. Ng5 Qe7 17. Bc4 0-0 18. Qe4 g6 19. e6 Bxe6 20. Nxe6 Rfe8 21. Bxd6 cxd6 22. 0-0 Qd7 23. Rfe1 d5 24. Bxd5 Re7 25. Qe5 fxe6 26. Bxe6+ Rxe6 27. Qxe6+ Qxe6 28. Rxe6 Kg7 29. Re7+ Kh6 30. Rxa7 Kg5 31. b4 h5 32. a4 Rb8 33. a5 b5 34. Ra6 Kh6 35. Rb6 Rd8 36. a6 Kg5 37. a7 Kf5 38. Rxb5+ Kf6 39. a8Q Rd4 40. Qh8+ Kf7 41. Qxd4 Ke6 42. Ra6+ Ke7 43. Rb7+ Kf8 44. Ra8# 1-0

[Event "Sachsen-ch U12 Girls"]
[Site "Sebnitz"]
[Date "2009.04.14"]
[Round "1"]
[White "Schlemmer, Elisabeth"]
[Black "Fuessel, Lisa"]
[Result "1-0"]
[WhiteElo "1101"]
[BlackElo "748"]
[PlyCount "49"]
[EventDate "2009.04.14"]
[EventType "swiss"]
[EventRounds "7"]
[EventCountry "GER"]
[SourceTitle "EXT 2010"]
[Source "ChessBase"]
[SourceDate "2010.11.25"]
[SourceVersion "1"]
[SourceVersionDate "2010.11.25"]
[SourceQuality "1"]

1. e4 e5 2. Nf3 Nc6 3. d4 f6 4. Bc4 Nge7 5. Nc3 d6 6. Be3 Bg4 7. h3 Bh5 8. 0-0 Qd7 9. Bb5 0-0-0 10. d5 a6 11. dxc6 bxc6 12. Bxa6+ Kb8 13. Nd5 cxd5 14. exd5 Qa4 15. Qe2 Bxf3 16. gxf3 Nxd5 17. b3 Qe8 18. Bb5 Qg6+ 19. Kh1 Nc3 20. Ba7+ Kxa7 21. Qe3+ Kb8 22. Qxc3 d5 23. Bc6 Kc8 24. Qa5 Kb8 25. Qa8# 1-0